<?xml version="1.0" encoding="UTF-8"?>
<record
    xmlns:xsi="http://www.w3.org/2001/XMLSchema-instance"
    xsi:schemaLocation="http://www.loc.gov/MARC21/slim http://www.loc.gov/standards/marcxml/schema/MARC21slim.xsd"
    xmlns="http://www.loc.gov/MARC21/slim">

  <leader>00433nam a22001697a 4500</leader>
  <controlfield tag="003">OSt</controlfield>
  <controlfield tag="008">240427b        |||||||| |||| 00| 0 eng d</controlfield>
  <datafield tag="020" ind1=" " ind2=" ">
    <subfield code="a">9789390395491</subfield>
  </datafield>
  <datafield tag="082" ind1=" " ind2=" ">
    <subfield code="a">658.872 KAD</subfield>
  </datafield>
  <datafield tag="100" ind1=" " ind2=" ">
    <subfield code="a">KAGAN, Jeremy and SINGH, Siddharth Shekhar</subfield>
  </datafield>
  <datafield tag="245" ind1=" " ind2=" ">
    <subfield code="a">Digital Marketing: Strategy &amp; Tactics</subfield>
  </datafield>
  <datafield tag="250" ind1=" " ind2=" ">
    <subfield code="a">Ist. ed.</subfield>
  </datafield>
  <datafield tag="260" ind1=" " ind2=" ">
    <subfield code="a">New Delhi, </subfield>
    <subfield code="b">Wiley,</subfield>
    <subfield code="c">2021</subfield>
  </datafield>
  <datafield tag="300" ind1=" " ind2=" ">
    <subfield code="a">299 p.</subfield>
  </datafield>
  <datafield tag="650" ind1=" " ind2=" ">
    <subfield code="a">BBA(DM)</subfield>
  </datafield>
  <datafield tag="942" ind1=" " ind2=" ">
    <subfield code="2">ddc</subfield>
    <subfield code="c">BK</subfield>
  </datafield>
  <datafield tag="999" ind1=" " ind2=" ">
    <subfield code="c">12562</subfield>
    <subfield code="d">12562</subfield>
  </datafield>
  <datafield tag="952" ind1=" " ind2=" ">
    <subfield code="0">0</subfield>
    <subfield code="1">0</subfield>
    <subfield code="2">ddc</subfield>
    <subfield code="4">0</subfield>
    <subfield code="7">0</subfield>
    <subfield code="8">BBADM</subfield>
    <subfield code="a">PIET</subfield>
    <subfield code="b">PIET</subfield>
    <subfield code="d">2024-03-30</subfield>
    <subfield code="e">Zafaa Books &amp; Distributors</subfield>
    <subfield code="f">In Rupees</subfield>
    <subfield code="g">589.00</subfield>
    <subfield code="k">ZBD0012</subfield>
    <subfield code="l">0</subfield>
    <subfield code="o">658.872 KAD</subfield>
    <subfield code="p">37069</subfield>
    <subfield code="r">2024-04-27 00:00:00</subfield>
    <subfield code="v">561.50</subfield>
    <subfield code="w">2024-03-30</subfield>
    <subfield code="y">REF</subfield>
  </datafield>
  <datafield tag="952" ind1=" " ind2=" ">
    <subfield code="0">0</subfield>
    <subfield code="1">0</subfield>
    <subfield code="2">ddc</subfield>
    <subfield code="4">0</subfield>
    <subfield code="7">0</subfield>
    <subfield code="8">BBADM</subfield>
    <subfield code="a">PIET</subfield>
    <subfield code="b">PIET</subfield>
    <subfield code="d">2024-03-30</subfield>
    <subfield code="e">Zafaa Books &amp; Distributors</subfield>
    <subfield code="f">In Rupees</subfield>
    <subfield code="g">589.00</subfield>
    <subfield code="k">ZBD0012</subfield>
    <subfield code="l">0</subfield>
    <subfield code="o">658.872 KAD</subfield>
    <subfield code="p">37070</subfield>
    <subfield code="r">2024-04-27 00:00:00</subfield>
    <subfield code="v">561.50</subfield>
    <subfield code="w">2024-03-30</subfield>
    <subfield code="y">BK</subfield>
  </datafield>
  <datafield tag="952" ind1=" " ind2=" ">
    <subfield code="0">0</subfield>
    <subfield code="1">0</subfield>
    <subfield code="2">ddc</subfield>
    <subfield code="4">0</subfield>
    <subfield code="7">0</subfield>
    <subfield code="8">BBADM</subfield>
    <subfield code="a">PIET</subfield>
    <subfield code="b">PIET</subfield>
    <subfield code="d">2024-03-30</subfield>
    <subfield code="e">Zafaa Books &amp; Distributors</subfield>
    <subfield code="f">In Rupees</subfield>
    <subfield code="g">589.00</subfield>
    <subfield code="k">ZBD0012</subfield>
    <subfield code="l">1</subfield>
    <subfield code="o">658.872 KAD</subfield>
    <subfield code="p">37071</subfield>
    <subfield code="r">2025-10-17 00:00:00</subfield>
    <subfield code="s">2025-10-08</subfield>
    <subfield code="v">561.50</subfield>
    <subfield code="w">2024-03-30</subfield>
    <subfield code="y">BK</subfield>
  </datafield>
  <datafield tag="952" ind1=" " ind2=" ">
    <subfield code="0">0</subfield>
    <subfield code="1">0</subfield>
    <subfield code="2">ddc</subfield>
    <subfield code="4">0</subfield>
    <subfield code="7">0</subfield>
    <subfield code="8">BBADM</subfield>
    <subfield code="a">PIET</subfield>
    <subfield code="b">PIET</subfield>
    <subfield code="d">2024-03-30</subfield>
    <subfield code="e">Zafaa Books &amp; Distributors</subfield>
    <subfield code="f">In Rupees</subfield>
    <subfield code="g">589.00</subfield>
    <subfield code="k">ZBD0012</subfield>
    <subfield code="l">1</subfield>
    <subfield code="o">658.872 KAD</subfield>
    <subfield code="p">37072</subfield>
    <subfield code="r">2026-01-21 00:00:00</subfield>
    <subfield code="s">2025-08-13</subfield>
    <subfield code="v">561.50</subfield>
    <subfield code="w">2024-03-30</subfield>
    <subfield code="y">BK</subfield>
  </datafield>
  <datafield tag="952" ind1=" " ind2=" ">
    <subfield code="0">0</subfield>
    <subfield code="1">0</subfield>
    <subfield code="2">ddc</subfield>
    <subfield code="4">0</subfield>
    <subfield code="7">0</subfield>
    <subfield code="8">BBADM</subfield>
    <subfield code="a">PIET</subfield>
    <subfield code="b">PIET</subfield>
    <subfield code="d">2024-03-30</subfield>
    <subfield code="e">Zafaa Books &amp; Distributors</subfield>
    <subfield code="f">In Rupees</subfield>
    <subfield code="g">589.00</subfield>
    <subfield code="k">ZBD0012</subfield>
    <subfield code="l">1</subfield>
    <subfield code="o">658.872 KAD</subfield>
    <subfield code="p">37073</subfield>
    <subfield code="r">2025-10-09 00:00:00</subfield>
    <subfield code="s">2025-10-08</subfield>
    <subfield code="v">561.50</subfield>
    <subfield code="w">2024-03-30</subfield>
    <subfield code="y">BK</subfield>
  </datafield>
</record>
